Modeling the Impact of the Development of Financial Decentralization Mechanism on Economic Growth Rates

Regionálne disproporcie vo vývoji svetovej ekonomiky v súčasnosti. Dekáda v období rokov 2008-2018 poznačená hospodárskou, finančnou a sociálnou krízou. Nerovnosť v dôchodkoch. Priority efektívnej hospodárskej politiky. Fiškálny federalizmus. Fiškálna decentralizácia.

Saved in:
Bibliographic Details
Main Author: Guryanova, Lidiya
Other Authors: Klebanova, Tamara, Péliová, Jana, 1976-, Dubrovina, Nadiya, 1972-
Format: Book Chapter
Language:Russian
Subjects:
Tags: Add Tag
No Tags, Be the first to tag this record!

MARC

LEADER 00000naa$a2200000$$$4500
001 0261505
005 20240502083751.2
041 0 |a rus 
044 |a PL 
245 1 0 |a Modeling the Impact of the Development of Financial Decentralization Mechanism on Economic Growth Rates  |c Lidiya Guryanova, Tamara Klebanova, Jana Péliová, Nadiya Dubrovina 
520 |a Regionálne disproporcie vo vývoji svetovej ekonomiky v súčasnosti. Dekáda v období rokov 2008-2018 poznačená hospodárskou, finančnou a sociálnou krízou. Nerovnosť v dôchodkoch. Priority efektívnej hospodárskej politiky. Fiškálny federalizmus. Fiškálna decentralizácia. 
610 2 0 |a politika hospodárska 
610 2 0 |a hospodárstvo svetové 
610 2 0 |a federalizmus fiškálny 
610 2 0 |a rozpočty verejné 
610 2 0 |a decentralizácia fiškálna 
610 2 0 |a rast hospodársky 
610 2 0 |a modely 
100 1 |a Guryanova, Lidiya 
700 1 |a Klebanova, Tamara 
700 1 |a Péliová, Jana, 1976- 
700 1 |a Dubrovina, Nadiya, 1972-